Регионална библиотека "Любен Каравелов" - Русе

Искам у дома (Запис номер 333118)

MARC детайли
000 -Лидер
Контролно поле с фиксирана дължина 01329nam a2200337 c 4500
003 - Код на организацията, давaща контролен номер
Контролно поле BLK
005 - Дата и час на последна редакция
Контролно поле 20240705160310.0
008 - Елементи от данни с фиксирана дължина
fixed length control field 180411b bul|||||r ||||||| ||bul||
010 ## - Наследен системен номер
LC control number KNG00212382000
020 ## - Международен стандартен номер на книга ISBN
Международен стандартен номер на книга ISBN 978-619-7316-30-8
040 ## - Източник на каталожния запис
Идентификатор на билиотеката - собственик на записа BLK
041 ## - Код за език
Код за езика на текст/звукозапис или на отделно заглавие Български
Код за езика КДБФ Български
072 #7 - Код за тематичната категория
Код организация bullib
Код за тематична категория Н83
Текст Чужда художествена литература Н
080 ## - УДК
Текстов определител УДК Азербайджанска литература
УДК код - определител по УДК 821.512.162
УДК определител -31
УДК - код + определител 821.512.162-31
100 1# - Редна дума - Автор
Автор Сафарли, Елчин
Авторска отговорност първи автор
R(LIN) 119114
139 ## - Редно поле
Редна дума Сафарли, Елчин
Авторски знак Сар - С 20
245 10 - Сведения за заглавието
Заглавие Искам у дома
Подзаглавни данни Роман
Редно поле (дума) Елчин Сафарли; прев. от рус. Надежда Делева
257 ## - Страна на издаване
Страна на създаване/издаване Азербайджан
260 ## - Област на издателските данни
Име на издателя, разпространителя и проч. Гнездото
Година на издаване 2019
Място на издаване, разпространение и проч. София
300 ## - Физическа характеристика
Страници 248 с.
Размери/Мащаб 20 см
380 ## - Жанр
Жанр Худож. лит.
500 ## - Общи забележки
Забележка Прев. от рус. изд. Если бы ты знал... / Elchin Safarli.
653 ## - Ключова дума – ненормативна
Ключова дума романи
700 ## - Други автори (авторска отговорност)
Лично име Делева, Надежда Петкова
Дати, свързани с автора 1959-
Друга информация Филолог, руска филология. Преводач от/на руски език.
9 (RLIN) 329683
852 ## - Местоположение
Фондова буква Заемна - подръчен фонд
Систематично-азбучна сигнатура П 894-31/С 20
856 4# - Електронен адрес и достъп
Електронен формат pdf - файл
856 4# - Електронен адрес и достъп
Електронен формат pdf - файл
999 ## - СИСТЕМНИ КОНТРОЛНИ НОМЕРА
Koha biblionumber 333118
Koha biblioitemnumber 333118
942 ## - АРТИКУЛИ
Вид на библиотечния материал Книги
Скрит в OPAC Не
Koha issues (borrowed), all copies 35
944 ## - СЪЗДАВАНЕ И РЕДАКЦИЯ на ЗАПИСА
Създаване/Редакция Създаване
Дата на регистрацията/редакция 19.09.2017
Статус, дата на статуса Цветомила Тодорова
Служител, извършил регистрацията/редакцията 30576
999 ## - СИСТЕМНИ КОНТРОЛНИ НОМЕРА
Koha biblioitemnumber 333118
Наличности
Код за отписване Код за изгубен артикул Източник на класификационната схема Код за повреда Код за отдаване Артикулен № Име на библиотеката - собственик Име на библиотеката, в която се намира в момента Статус (Текущо местоположение) Дата на вписване в системата Местоположение - отдел Цена в лева Систематично азбучна сигнатура Баркод Цена в евро Служебен тип на артикула
  Не е изгубен Universal Decimal Classification Не е повреден заемане за дома 730835 Регионална библиотека "Любен Каравелов" Русе Регионална библиотека "Любен Каравелов" Русе Заемна - подръчен фонд 2019-07-17 Заемна - подръчен фонд 10.43 П 894-31/С 20 120000834426 5.33 Книги
Vip Innovations Ltd, Rousse, Bulgaria 2025